Unregelmässige Verben - Statistiques

Statistiques générales
  • Ce quiz a été pris 33 fois
  • Le résultat moyen est 29 sur 116
Statistiques - réponses
Hint Réponse % Correct
bergen birgt barg hat geborgen sauver
88%
brechen bricht brach hat gebrochen rompre
88%
empfehlen empfiehlt empfahl hat empfohlen recommander
88%
erschrecken erschrickt erschrak ist erschrocken s'effrayer
88%
gelten gilt galt hat gegolten être valable
88%
helfen hilft half hat geholfen aider
88%
nehmen nimmt nahm hat genommen prendre
88%
sprechen spricht sprach hat gesprochen parler
75%
stechen sticht stach hat gestochen piquer
75%
stehlen stiehlt stahl hat gestohlen voler
75%
sterben stirbt starb ist gestorben mourir
75%
treffen trifft traf hat getroffen rencontrer
75%
verderben verdirbt verdarb hat verdorben gâcher
75%
binden bindet band hat gebunden attacher
63%
dringen dringt drang ist gedrungen traverser
63%
finden findet fand hat gefunden trouver
63%
gelingen gelingt gelang ist gelungen réussir
63%
klingen klingt klang hat geklungen sonner
63%
werben wirbt warb hat geworben faire de la pub
63%
werfen wirft warf hat geworfen jeter
63%
ringen ringt rang hat gerungen lutter
50%
schlingen schlingt schlang hat geschlungen dévorer
50%
schwingen schwingt schwang hat geschwungen agiter
50%
schwingen (1 temps) ist geschwungen est arqué
38%
singen singt sang hat gesungen chanter
38%
sinken sinkt sank ist gesunken couler
38%
springen springt sprang ist gesprungen sauter
38%
trinken trinkt trank hat getrunken boire
38%
überwinden überwindet überwand hat überwunden surmonter
38%
verschwinden verschwindet verschwand ist verschwunden disparaître
38%
zwingen zwingt zwang hat gezwungen forcer
38%
beissen beisst biss hat gebissen mordre
25%
beweisen beweist bewies hat bewiesen prouver
25%
bieten bietet bot hat geboten faire une offre
25%
bleiben bleibt blieb ist geblieben rester
25%
entscheiden entscheidet entschied hat entschieden décider
25%
fliegen fliegt flog ist geflogen voler
25%
fliehen flieht floh ist geflohen fuir
25%
gleichen gleicht glich hat geglichen ressembler
25%
greifen greift griff hat gegriffen prendre
25%
leiden leidet litt hat gelitten souffrir
25%
leihen leiht lieh hat geliehen prêter
25%
meiden meidet mied hat gemieden éviter
25%
reiben reibt rieb hat gerieben frotter
25%
reissen reisst riss hat gerissen tirer avec force
25%
reiten reitet ritt ist geritten aller à cheval
25%
schleichen schleicht schlich ist geschlichen se déplacer furtivement
25%
schliessen schliesst schloss hat geschlossen fermer
25%
schreiben schreibt schrieb hat geschrieben écrire
25%
schreien schreit schrie hat geschrien crier
25%
schweigen schweigt schwieg hat geschwiegen se taire
25%
treiben treibt trieb hat getrieben pousser
25%
unterscheiden unterscheidet unterschied hat unterschieden différencier
25%
verlieren verliert verlor hat verloren perdre
25%
verzeihen verzeiht verzieh hat verziehen pardonner
25%
weisen weist wies hat gewiesen indiquer
25%
beginnen beginnt begann hat begonnen commencer
13%
geschehen es geschieht geschah ist geschehen se passer
13%
fliessen fliesst floss ist geflossen couler
13%
frieren friert fror hat gefroren avoir froid
13%
fressen frisst frass hat gefressen bouffer
13%
frieren (2 temps) fror ist gefroren geler
13%
geniessen geniesst genoss hat genossen apprécier
13%
geben gibt gab hat gegeben donner
13%
essen isst ass hat gegessen manger
13%
kriechen kriecht kroch ist gekrochen ramper
13%
lesen liest las hat gelesen lire
13%
riechen riecht roch hat gerochen sentir
13%
scheinen scheint schien hat geschienen briller
13%
schieben schiebt schob hat geschoben pousser
13%
schleifen schleift schliff hat geschliffen aiguiser
13%
schmeissen schmeisst schmiss hat geschmissen jeter
13%
schneiden schneidet schnitt hat geschnitten couper
13%
schreiten schreitet schritt ist geschritten s'avancer
13%
sehen sieht sah hat gesehen voir
13%
streichen streicht strich hat gestrichen peindre
13%
streiten streitet stritt hat gestritten se quereller
13%
tragen trägt trug hat getragen porter
13%
treten tritt trat hat getreten donner un coup de pied
13%
vergessen vergisst vergass hat vergessen oublier
13%
weichen weicht wich ist gewichen s'apaiser
13%
wiegen wiegt wog hat gewogen peser
13%
ziehen zieht zog hat gezogen tirer
13%
sich besinnen besinnt sich besann sich hat sich besonnen réfléchir
0%
bitten bittet bat hat gebeten prier de
0%
braten brät briet hat gebraten rôtir
0%
brennen brennt brannte hat gebrannt brûler
0%
denken denkt dachte hat gedacht penser
0%
fahren fährt fuhr ist gefahren aller en véhicule
0%
fallen fällt fiel ist gefallen plaire
0%
fangen fängt fing hat gefangen attraper
0%
gewinnen gewinnt gewann hat gewonnen gagner
0%
halten hält hielt hat gehalten tenir
0%
heben hebt hob hat gehoben soulever
0%
kennen kennt kannte hat gekannt connaître
0%
laden lädt lud hat geladen charger
0%
lassen lässt liess hat gelassen laisser
0%
liegen liegt lag ist gelegen être allongé
0%
nennen nennt nannte hat genannt nommer
0%
raten rät riet hat geraten conseiller
0%
rennen rennt rannte ist gerannt courir
0%
schaffen (2 temps) schaffte hat geschafft réussir
0%
schaffen schafft schuf hat geschaffen créer
0%
schlafen schläft schlief hat geschlafen dormir
0%
schlagen schlägt schlug hat geschlagen frapper
0%
schmelzen schmilzt schmolz ist geschmolzen fondre
0%
schwellen schwillt schwoll ist geschwollen enfler
0%
schwimmen schwimmt schwamm ist geschwommen nager
0%
senden sendet sandte hat gesandt envoyer
0%
senden (3 temps) sendet sendete hat gesendet transmettre
0%
sitzen sitzt sass ist gesessen être assis
0%
spinnen spinnt spann hat gesponnen filer
0%
stehen steht stand ist gestanden être debout
0%
wachsen wächst wuchs ist gewachsen grandir
0%
waschen wäscht wusch hat gewaschen laver
0%
wenden wendet wandte hat gewandt se tourner
0%
Aucun quiz correspondant
Distribution des résultats
% des personnes avec chaque résultat
Percentile par nombre de réponses
Votre historique - résultats
Vous n’avez pas pris ce quiz